Provinces de la République Démocratique du Congo - Carte Quiz - Statistiques

Statistiques générales
  • Ce quiz a été pris 43 fois
  • Le résultat moyen est 12 sur 26
Réponses sur la Carte
Les réponses sont colorées sur une échelle allant du rouge au vert en fonction du pourcentage des utilisateurs qui les ont devinées à leur premier essai. Vous pouvez retrouver ces pourcentages ci-dessous.
 
Statistiques - réponses
Réponse % Correct
Kinshasa
79%
Nord Kivu
79%
Sud Kivu
79%
Équateur
68%
Kongo Central
68%
Tanganyika
63%
Haut-Katanga
58%
Mai-Ndombe
53%
Ituri
47%
Kwango
47%
Bas-Uele
42%
Haut-Uele
42%
Kasaï-Central
42%
Maniema
42%
Kasaï
37%
Kwilu
37%
Mongala
37%
Tshopo
37%
Kasaï-Oriental
32%
Lualaba
32%
Tshuapa
32%
Nord-Ubangi
26%
Sud-Ubangi
26%
Haut-Lomami
21%
Sankuru
21%
Lomami
16%
Aucun quiz correspondant
Distribution des résultats
% des personnes avec chaque résultat
Percentile par nombre de réponses
Votre historique - résultats
Vous n’avez pas pris ce quiz